Jornadas franco colombianas. Los grandes adagios de la tradición civilista.

Saved in:
Bibliografiske detaljer
Main Authors: Gaudemet, Sophie (autora), Ghozi, Alain (Author)
Andre forfattere: Bicheron, Frédéric (autor), González de Cancino, Emilssen (autor), Pérès, Cécile (autora), Alarcón Rojas, Fernando (autor), Grimaldi, Cyril (autor), Navia Arroyo, Felipe (autor), Wessner, Pierre (autor), Neme Villarreal, Martha Lucía (autora), Koteich, Milagros (autora)
Format: Bog
Sprog:engelsk
Udgivet: Bogotá, Colombia: Association Hneri Caiptant des amis de la culture juridique française; Universidad Externado de Colombia, 2014.
Udgivelse:Primera edición.
Fag:
Tags: Tilføj Tag
Ingen Tags, Vær først til at tagge denne postø!

MARC

LEADER 00000nam a22000007a 4500
003 CL-VaPUC
005 20220822114611.0
008 220712t2014 ||||| |||| 00| 0 eng d
999 |c 436937  |d 436935 
020 |a 9789587721836 
040 |c Pontificia Universidad Católica de Valparaíso 
082 |2 22  |a 346.001 GAU 2014 
100 |a Gaudemet, Sophie   |9 872706  |e autora 
245 |a Jornadas franco colombianas. Los grandes adagios de la tradición civilista.  
246 |a Les grands adages de la tradition civiliste.  
250 |a Primera edición.  
260 |a Bogotá, Colombia:   |b Association Hneri Caiptant des amis de la culture juridique française;   |b Universidad Externado de Colombia,   |c 2014. 
300 |a 308 páginas.  
500 |a c.1 Donación Familia Prof. Alejandro Guzmán Brito. 
546 |a Texto en español y francés.  
583 |c 20220712  |k Yessy Sthefany Diaz Vidal 
650 0 |a Teoría del derecho  |9 255982 
650 0 |a Derecho privado  |9 258243 
650 0 |a Derecho civil romano  |9 417061 
700 |a Bicheron, Frédéric   |9 872708  |e autor  
700 |a González de Cancino, Emilssen  |9 577102  |e autor 
700 |a Pérès, Cécile  |9 872709  |e autora  
700 |a Ghozi, Alain  |9 385221  |e author 
700 |a Alarcón Rojas, Fernando   |9 872710  |e autor  
700 |a Grimaldi, Cyril  |9 872711  |e autor  
700 |a Navia Arroyo, Felipe  |9 577104  |e autor 
700 |a Wessner, Pierre   |9 872712  |e autor  
700 |a Neme Villarreal, Martha Lucía  |9 872683  |e autora 
700 |a Koteich, Milagros   |9 872714  |e autora  
942 |2 ddc  |c BK  |n 0 
952 |0 0  |1 0  |2 ddc  |4 0  |6 346_001000000000000_GAU_2014  |7 1  |8 C_AGB  |9 584670  |a BIBDER  |b BIBDER  |d 2022-07-12  |e Donación   |i 5652669  |o 346.001 GAU 2014  |p 5652669  |r 2023-01-25  |t 1  |w 2022-07-12  |y BK_US  |k AGB